书目信息 |
| 题名: |
中国军事法学论丛
|
|
| 作者: | 薛刚凌 主编 | |
| 分册: | 第七卷 国家安全法律问题 | |
| 出版信息: | 北京 人民出版社 2014.12 |
|
| 页数: | 257页 | |
| 开本: | 24cm | |
| 丛书名: | ||
| 单 册: | ||
| 中图分类: | E266-53 | |
| 科图分类: | ||
| 主题词: | 军法--法学--中国--文集 , 法学 , 中国 , 文集 | |
| 电子资源: | ||
| ISBN: | 978-7-01-014121-3 | |
| 000 | 00884nam0 2200277 450 | |
| 001 | 351841 | |
| 005 | 20161017103730.02 | |
| 010 | @a978-7-01-014121-3@dCNY50.00 | |
| 100 | @a20150121d2014 em y0chiy50 ea | |
| 101 | 0 | @achi@deng |
| 102 | @aCN@b110000 | |
| 105 | @ay z 000yy | |
| 106 | @ar | |
| 200 | 1 | @a中国军事法学论丛@h第七卷@i国家安全法律问题@f薛刚凌主编 |
| 210 | @a北京@c人民出版社@d2014.12 | |
| 215 | @a257页@d24cm | |
| 300 | @a中国政法大学法学院主办 | |
| 330 | @a本书由专题研究、基础理论、外国动态三个专栏组成,收录了《开罗宣言的法律内涵及其当代意义》、《论军事法律的命令性与军事命令的法律性》、《论非对称武装冲突中的“军事必要”》等文章。 | |
| 606 | 0 | @a军法@x法学@y中国@j文集 |
| 606 | 0 | @a法学 |
| 606 | 0 | @a中国 |
| 606 | 0 | @a文集 |
| 690 | @aE266-53@v5 | |
| 701 | 0 | @a薛刚凌@4主编 |
| 801 | 0 | @aCN@bTANGWEI@c20161010 |
| 905 | @b0896785-9@dE266-53@e14@f5 | |
| 中国军事法学论丛.第七卷.国家安全法律问题/薛刚凌主编 .-北京:人民出版社,2014.12 |
| 257页;24cm |
| 中国政法大学法学院主办 |
| ISBN 978-7-01-014121-3:CNY50.00 |
| 本书由专题研究、基础理论、外国动态三个专栏组成,收录了《开罗宣言的法律内涵及其当代意义》、《论军事法律的命令性与军事命令的法律性》、《论非对称武装冲突中的“军事必要”》等文章。 |
| ● |
| 相关链接 |
|
|
|
|
正题名:中国军事法学论丛
索取号:E266-53/14
 
预约/预借
| 序号 | 登录号 | 条形码 | 馆藏地/架位号 | 状态 | 备注 |
| 1 | 0896785 | 208967858 | 第一样本阅览室/ [索取号:E266-53/14] | 在馆 | |
| 2 | 0896786 | 208967867 | 密集书库-史法系/ [索取号:E266-53/14] | 在馆 | |
| 3 | 0896787 | 208967876 | 第一借阅区/ [索取号:E266-53/14] | 在馆 | |
| 4 | 0896788 | 208967885 | 第一借阅区/ [索取号:E266-53/14] | 在馆 | |
| 5 | 0896789 | 208967894 | 第一借阅区/ [索取号:E266-53/14] | 在馆 |